000 00635nam a2200253Ia 4500
005 20260121161014.0
008 008 260114s9999 xx 000 0 eng d
020 _a9781315582566
037 _aEBOOK
040 _aCRL
040 _beng
040 _cCRL
041 _2eng
041 _aeng
084 _qCRL
100 _a Jason Marc Harris
_91039024
245 0 _aFolklore and the Fantastic in Nineteenth-Century British Fiction
260 _bTaylor and Francis
260 _c2008
856 _uhttp://www.taylorfrancis.com/books/9781315582566
942 _cEBOOK
999 _c1605840
_d1605840